000 00878cab a2200289 4500
001 ABS51695
008 090401t1994 xxu||||| |||| 00| 0 eng d
035 _a(Sirsi) u40281
041 _aeng
100 _aHoare, S.
245 4 _aThe high cost of not getting it right
260 _c1994
350 _a0
490 _aConstruction News
_v(6389) 3 November 1994, 25(1)
520 _aThe HSE demonstrates the costs of accidents on site to show that implementation of proper safety standards is financially sound as well as a moral duty.
650 _aACCIDENTS
650 _aCONDAM REGULATIONS
650 _aCONSTRUCTION INDUSTRY
650 _aCONSTRUCTION SITES
650 _aCOSTS
650 _aHEALTH AND SAFETY
_96244
650 _aSAFETY
650 _aSITE SAFETY
690 _aBUILT ENVIRONMENT-BUILDING STANDARDS
942 _n0
948 _c04/03/1997
999 _c25806
_d25806